000 01108nam a22002537a 4500
999 _c65703
_d65703
005 20240530110839.0
008 191215s2002 ua f b 000 0aara d
017 _a2005/4706
_bمصر. دار الكتب
040 _aEG-CaGPL
_cEG-CaGPL
082 0 4 _221
_a916.2
_bق / ر س
100 0 _aرشاد رشدى
245 1 0 _aسحر مصر :
_b(فى كتابات الرحالة الانجليز فى القرن التاسع عشر ) /
_cتاليف رشاد رشدى ؛ ترجمة جمال الجزيرى ؛ مراجعة وتقديم فاطمة موسى
250 _aط .1
260 _aالقاهرة :
_bالمجلس الاعلى للثقافة،
_c2002
300 _a69 ص . ؛
_c24 سم .
490 0 _aالمشروع القومى للترجمة ؛
_v346
504 _aيشمل على ارجاعات ببليوجرافية
650 0 7 _2qrmak
_aالرحالة
_zمصر
651 0 7 _2qrmak
_aمصر
_xوصف ورحلات
700 0 _aجمال الجزيرى
_eمترجم
700 0 _aفاطمة موسى
_eمراجع ومقدم
942 _2ddc
_cBK